000 00583nam a2200193Ia 4500
005 20221117121730.0
008 131103s9999 xx 000 0 und d
040 _aLoreto College
041 _aEnglish
082 _a954.03
_bKOP
100 _aKopf,David
245 _aBritish Orientalism and the Bengal renaissance
_b the dynamics of Indian Modernization 1773 - 1835
_cDavid Kopf
260 _aCalcutta
_bFirma K.L.Mukhopadhyay
_c1969
300 _axii,324 p.
504 _aIncludes index and bibliography
650 _aIndian Modern History
850 _aLCLIB
942 _cBK
999 _c9804
_d60283